| 000 | 00405nam a22001457a 4500 | ||
|---|---|---|---|
| 020 | _a9780071070522 | ||
| 040 | _cNUST | ||
| 082 | _a621.31042 CHA | ||
| 100 | _aChapman, Stephen J. | ||
| 245 | _aElectric Machinery Fundamentals | ||
| 250 | _a4th Edition | ||
| 260 |
_aNew Dehli: _bMcGraw Hill Education, _c2015. |
||
| 650 |
_aTEXTBOOKS-MTS. ELECTRIC MACHINERY FUNDAMENTALS _9112961 |
||
| 942 |
_2ddc _cTEXT |
||
| 999 |
_c594841 _d594841 |
||